Theravāda Buddhism : (Record no. 1715601)

MARC details
000 -LEADER
fixed length control field 00774cam a2200241 i 4500
001 - CONTROL NUMBER
control field 14267486
003 - CONTROL NUMBER IDENTIFIER
control field OSt
005 - DATE AND TIME OF LATEST TRANSACTION
control field 20260317115035.0
008 - FIXED-LENGTH DATA ELEMENTS--GENERAL INFORMATION
fixed length control field 060215r20061988nyu b 001 0 eng
020 ## - INTERNATIONAL STANDARD BOOK NUMBER
International Standard Book Number 9780415365086
Qualifying information hbk
040 ## - CATALOGING SOURCE
Language of cataloging eng
Transcribing agency HDL
082 ## - DEWEY DECIMAL CLASSIFICATION NUMBER
Classification number 294.3 P6
100 1# - MAIN ENTRY--PERSONAL NAME
Personal name Gombrich, Richard F.
Fuller form of name (Richard Francis),
Dates associated with a name 1937-
9 (RLIN) 1132275
245 10 - TITLE STATEMENT
Title Theravāda Buddhism :
Remainder of title a social history from ancient Benares to modern Colombo /
Statement of responsibility, etc. Richard F. Gombrich.
250 ## - EDITION STATEMENT
Edition statement Second edition.
264 #1 - PRODUCTION, PUBLICATION, DISTRIBUTION, MANUFACTURE, AND COPYRIGHT NOTICE
Place of production, publication, distribution, manufacture New York :
Name of producer, publisher, distributor, manufacturer Routledge Taylor & Francis Group,
Date of production, publication, distribution, manufacture, or copyright notice 2006.
300 ## - PHYSICAL DESCRIPTION
Extent xiii, 234 pages ;
Dimensions 22 cm.
490 0# - SERIES STATEMENT
Series statement The library of religious beliefs and practices
650 ## - SUBJECT ADDED ENTRY--TOPICAL TERM
General subdivision History
651 ## - SUBJECT ADDED ENTRY--GEOGRAPHIC NAME
Geographic name New York
9 (RLIN) 1115865
942 ## - ADDED ENTRY ELEMENTS (KOHA)
Source of classification or shelving scheme Colon Classification (CC)
Koha item type Textual
Suppress in OPAC No
Holdings
Withdrawn status Lost status Source of classification or shelving scheme Damaged status Not for loan Home library Current library Date acquired Total Checkouts Date last seen Price effective from Koha item type
    Colon Classification (CC)     Department of History Library Department of History Library 2026-03-17   2026-03-17 2026-03-17 Textual
    Colon Classification (CC)     Department of History Library Department of History Library 2026-03-17   2026-03-17 2026-03-17 Textual
Copyright @ Delhi University Library System